Groundwater discharge by evapotranspiration, Dixie Valley, west-central Nevada, March 2009-September 2011 /

Bibliographic Details
Main Author: Garcia, C. Amanda (Christina Amanda) (Author)
Corporate Authors: Geological Survey (U.S.) (issing body.), United States. Bureau of Reclamation
Format: Government Document eBook
Language:English
Published: Reston, Virginia : U.S. Department of the Interior, U.S. Geological Survey, 2015.
Edition:Version 1.1, April 2015.
Series:U.S. Geological Survey professional paper ; 1805.
Subjects:
Online Access:https://purl.fdlp.gov/GPO/gpo187621

MARC

Tag First Indicator Second Indicator Subfields
LEADER 00000cam a2200000 i 4500
001 in00004641821
006 m o d f
007 cr c||||||||||
008 221014s2015 vauab ob f000 0 eng c
005 20230113213828.6
035 |a (OCoLC)on1347461101 
040 |a GPO  |b eng  |e rda  |e pn  |c GPO  |d GPO  |d MvI 
042 |a pcc 
043 |a n-us-nv 
049 |a WWW 
074 |a 0624 (online) 
086 0 |a I 19.16:1805/2015 
100 1 |a Garcia, C. Amanda  |q (Christina Amanda),  |e author. 
245 1 0 |a Groundwater discharge by evapotranspiration, Dixie Valley, west-central Nevada, March 2009-September 2011 /  |c by C. Amanda Garcia [and five others]. 
250 |a Version 1.1, April 2015. 
264 1 |a Reston, Virginia :  |b U.S. Department of the Interior, U.S. Geological Survey,  |c 2015. 
300 |a 1 online resource (ix, 89 pages) :  |b color illustrations, color maps +  |e 8 appendixes + 3 data files. 
336 |a text  |b txt  |2 rdacontent 
336 |a computer dataset  |b cod  |2 rdacontent 
337 |a computer  |b c  |2 rdamedia 
338 |a online resource  |b cr  |2 rdacarrier 
490 1 |a Professional paper ;  |v 1805 
500 |a "Prepared in cooperation with the Bureau of Reclamation." 
500 |a GPO Cataloging Record Distribution Program (CRDP). 
504 |a Includes bibliographical references (pages 81-88). 
588 |a Description based on online resource; title from PDF title page (USGS, viewed Oct. 14, 2022). 
650 0 |a Evapotranspiration  |z Nevada  |z Dixie Valley  |x Observations. 
650 0 |a Groundwater flow  |z Nevada  |z Dixie Valley  |x Observations. 
650 7 |a Evapotranspiration.  |2 fast  |0 (OCoLC)fst00917096 
650 7 |a Groundwater.  |2 fast  |0 (OCoLC)fst00948209 
651 7 |a Nevada  |z Dixie Valley.  |2 fast  |0 (OCoLC)fst01230686 
710 2 |a Geological Survey (U.S.),  |e issing body. 
710 1 |a United States.  |b Bureau of Reclamation. 
830 0 |a U.S. Geological Survey professional paper ;  |v 1805. 
856 4 0 |u https://purl.fdlp.gov/GPO/gpo187621  |t 0 
999 f f |s f56dcd6e-4be6-4b75-b1c3-2fa5b02e5fc5  |i 5e0ac9e0-cdaf-4d85-a1a1-6bf20483f14b  |t 0 
952 f f |a Texas A&M University  |b College Station  |c Electronic Resources  |d Available Online  |t 0  |e I 19.16:1805/2015  |h Superintendent of Documents classification 
998 f f |a I 19.16:1805/2015  |t 0  |l Available Online